Premier League Manager of the Month - 2010-2011 - Statistics

Statistiche generali
  • Questo quiz è stato fatto 3 volte
  • Il punteggio medio è 5 su 9
Statistiche sulle risposte
Mese Nazione Squadra Allenatore % Corretto
Agosto Italia Chelsea Carlo Ancelotti
100%
Marzo Italia Chelsea Carlo Ancelotti
100%
Aprile Italia Chelsea Carlo Ancelotti
100%
Dicembre Italia Manchester City Roberto Mancini
67%
Gennaio Scozia Manchester Utd Alex Ferguson
33%
Febbraio Francia Arsenal Arsène Wenger
33%
Settembre Italia West Bromwich Roberto Di Matteo
33%
Ottobre Scozia Everton David Moyes
0%
Novembre Irlanda Bolton Owen Coyle
0%
Nessun quiz corrispondente trovato
Distribuzione punteggi
Percentuale di utenti per punteggio
Percentile per numero di risposta
I tuoi punteggi nel tempo
Non hai fatto questo quiz